000 03577nam a2200361 4500
003 EC-UNACH
005 20260325103412.0
006 s||||gr|||| 00| 00
008 150116t9999 mx r gr 000 0 spa d
020 _a978-9942-835-45-1
040 _aEC-UNACH
_cEC-UNACH
041 _aspa
082 0 4 _223
_a360
_bL015112
100 _aPilco Guadalupe, Alexandra / Kohan Cortada, Ana
245 _aApego, mujer y violencia
250 _aPrimera Edición
264 _aRiobamba - Ecuador
_bUniversidad Nacional de Chimborazo
_c2021
264 _bProducción UNACH
300 _a182 páginas
_b--
_c--
500 _aEs una obra que pretende dar una visión amplia de la mujer como víctima de violencia de parte de su pareja, además de tratar de identificar las motivaciones que mantiene la relación de pareja a pesar de concientizar las agresiones entre la pareja. Se realizó una amplia revisión bibliográfica de antecedentes del apego y las teorías sobre la violencia, se vinculó las dos variables a fin de realizar aportes en la rama de salud mental que permita generar estrategias de cambio a esta problemática planteada y mejorar la calidad de vida de las mujeres que experimenta agresiones de parte de su pareja. Se realizó un aporte empírico con la relación del apego y la violencia doméstica, mediante un estudio de enfoque cuantitativo y de tipo descriptivo correlacional de cohorte transversal. La muestra estuvo constituida por dos grupos: el primero N= 600 (no maltratadas), con edades comprendidas entre 18 a 59 con una x=29,36 y una S=10,744 y el segundo por 118 mujeres víctimas de violencia de pareja 20 a 59 años con una x=35,27 y una S= 10,011. Los instrumentos utilizados fueron el cuestionario Relationships-revised (ECR-R) Questionnaire validado por Fraley y Shaver (2000), con un α=0,87, que evaluó el tipo de apego, además, se construyó una escala que evalúa niveles de violencia doméstica, con un α= 0,968. Se concluyó que, en base a los resultados de esta investigación, predominaron el apego ansioso y una asociación significativa entre este tipo de apego con las creencias irracionales de las mujeres víctimas de violencia.
505 _aINTRODUCCIÓN. -- JUSTIFICACIÓN. -- CAPÍTULO I. TEORÍAS Y MODELOS DEL APEGO. -- Apego y dependencia emocional. – 1.2. Modelos del apego. -- CAPÍTULO II. VÍNCULOS DE APEGO. -- 2.1 Seguridad en el apego. -- 2.2 Apego adulto. -- 2.3 Fases en la formación de la relación de pareja según el apego. -- 2.4 Apego y conducta violenta. -- CAPÍTULO III. ANTECEDENTES TEÓRICOS DE LA VIOLENCIA. -- 3.1 Aportes teóricos. -- CAPÍTULO IV. TIPOLOGÍAS DE VIOLENCIA. -- 4.1 Formas de violencia. -- CAPÍTULO V. VIOLENCIA CONTRA LA MUJER. -- 5.1 Secuelas y riesgos de la violencia. -- 5.2 Violencia doméstica. -- 5.3 Tipos de femicidio. -- 5.4 Femicidio y violencia contra la mujer en Latinoamérica y Ecuador. -- CAPÍTULO VI. APORTES EMPÍRICOS DE VIOLENCIA Y APEGO. -- 6.1 Resultados de investigación. -- 6.2 Cuestionario de apego. -- 6.3 Comparación con varios estudios. -- CONCLUSIONES. -- REFERENCIAS BIBLIOGRÁFICAS.
650 _aAPEGO ADULTO
650 _aCREENCIAS IRRACIONALES
650 _aMUJERES MALTRATADAS
650 _aVÍCTIMAS
653 _aViolencia de género
856 _uhttp://investigacion.unach.edu.ec/countlibros.php?id=60
_yLibro Digital - Apego, mujer y violencia
942 _2ddc
_cEBOOK
999 _c11612